000 00399nam a22001457a 4500
003 OSt
005 20160727222354.0
008 160622b xxu||||| |||| 00| 0 eng d
040 _cTEST
100 _9476
_aDenholm, R A., et al
245 _aMathematics for Individual achievement
260 _aBoston & Houghton miffin com.
_c1974
300 _aMathematics for Individual achievement
942 _2ddc
_cBK
999 _c395
_d395